Analysis

Αποθηκεύτηκε σε:
Λεπτομέρειες βιβλιογραφικής εγγραφής
Κύριος συγγραφέας: Maurin, Krzysztof
Μορφή: Βιβλίο
Γλώσσα:English
Δημοσίευση: Dordrecht, Holland : Boston : D. Reidel Pub. Co., c1976-<1980>
Θέματα:
Ετικέτες: Προσθήκη ετικέτας
Δεν υπάρχουν, Καταχωρήστε ετικέτα πρώτοι!

MARC

LEADER 00000nam a2200000 i 4500
001 1/30897
008 941103m19769999 eng d
020 |a 90-277-0484-8 
020 |a 90-277-0865-7 
035 |a 1995  |c ΧΑΤΖΗΣΑΒΒΑΣ  |l 10038688 
040 |a GR-MY-UA  |b gre  |e aacr 
041 0 |a eng 
082 0 |a 515 
100 1 |a Maurin, Krzysztof. 
245 1 0 |a Analysis /  |c Krzysztof Maurin ; [translated from the original Polish by Eugene Lepa] 
260 |a Dordrecht, Holland :   |a Boston :   |b D. Reidel Pub. Co.,   |c c1976-<1980> 
300 |a v. <1-2>;  |c 24 cm 
500 |a Rev. translation of Analiza 
500 |a Includes indexes 
505 0 |a pt. 1. Elements.--pt. 2. Integration, distributions, holomorphic functions, tensor, and harmonic analysis 
650 0 0 |a Mathematical analysis. 
650 0 0 |a Harmonic analysis. 
650 0 0 |a Functions. 
740 0 2 |a Elements 
740 0 2 |a Integration, Distributions, Holomorphic Functions, Tensor and Harmonic Analysis 
852 |a INST  |b SAMOS  |e 19941103  |h 515 MAU  |p 005300003532  |q 005300003532  |t BK  |y 0  |z v.2 
852 |a INST  |b SAMOS  |e 19941103  |h 515 MAU  |p 005300003533  |q 005300003533  |t BK  |y 0  |z v.1 
852 |a INST  |b SAMOS  |e 19941103  |h 515 MAU  |p 005300003532  |q 005300003532  |t BK  |v v.2:  |y 0  |z v.2 
852 |a INST  |b SAMOS  |e 19941103  |h 515 MAU  |p 005300003533  |q 005300003533  |t BK  |v v.1:  |y 0  |z v.1 
853 |a INST  |b SAMOS  |h 515 MAU 
909 |a Σ  |b 025628 
909 |a Σ  |b 025679